Statistiques concernant Personnages d'anime aux cheveux bleus

Cliquez ici pour prendre le quiz!

Statistiques générales

  • Ce quiz a été pris 76 fois
  • Le résultat moyen est 7 sur 45

Statistiques - réponses

HintRéponse% Correct
Assassination classroomNagisa Shiota
79%
Kuroko no basketTetsuya Kuroko
56%
Re : zeroRem
54%
Franky
44%
One pieceVivi Nefertari
44%
Daiki Aomine
37%
Wendy marvel
30%
Fairy tailJellal Fernandez
26%
Food warsMegumi Tadokoro
26%
Black butlerCiel Phantomhive
25%
Tenya Iida
23%
Akame ga killEsdeath
21%
Jujutsu KaisenMiwa Kasumi
19%
MagiAladdin
18%
Asada Shino/Sinon
18%
SAOAsuna
18%
My hero academiaNejire Hado
18%
No game no lifeShiro
16%
Aquarius
14%
BleachGrimmjow Jaggerjack
14%
Angel beatHinata Hideki
14%
NarutoHinata Hyuga
14%
Tamaki Amajiki
14%
Levy Mcgarden
12%
Nojiko
12%
Eri Shiina
11%
Arata Kirishima
9%
Ayato Kirishima
9%
Jubia lokser
9%
Néon Genesis evangelionRei Ayanami
7%
Acnologia
5%
Ami Kawashima
4%
Sailor moonAmi Mizuno
4%
Chojuro
4%
Gemini
4%
Macao Combolt
4%
Miss doublefinger/Paula
4%
Hunter x hunterNeon Nostrad
4%
Sirius
4%
Tokyo ghoulShu Tsukiyama
2%
ClannadKotomi Ichinose
0%
ToradoraRyuji Takasu
0%
Takamatsu
0%
Whitey bay
0%
Yamuraiha
0%

Distribution des résultats

Percentile par nombre de réponses

% des personnes avec chaque résultat

Votre développement - résultats

Vous n’avez pas pris ce quiz